Quizzes
Events
Quiz Creation
Community
Videos
Private Events
Remove Ads
Sign In
Join for FREE
Feedback
Dark Mode
Quiz Categories
Sports
Geography
Music
Movies
Television
Just For Fun
Miscellaneous
History
Literature
Language
Science
Gaming
Entertainment
Religion
Holiday
For Kids
Quiz Lab
Recent
Popular Today
Quiz Kudos Today
Editor Picks
Curator Picks
Quizzes by...
Day
Popularity
Type
Ratings
Length
Year
Community
Subscriptions
Recent Discussions
Orange Saloon
Badges
Playlists
Quests
Create
Leaderboards
Showdown
Live 5
Trivia Bingo
Activity
Puzzle Library
Sporcle Events
Private Events
Virtual Trivia
Globe League
Become a Host
Pub Owners
SporcleCon
Opinionation
Our Games
Videos
Blog
Mobile Apps
Partnerships
Remove Ads and Go Orange
Feedback
Television
TV Characters
TV Show
Sitcom
Network
Friends
Reality Shows
Cast
South Park
Star Trek
The Simpsons
Doctor Who
Television
TV Characters
TV Show
Sitcom
Network
Friends
Reality Shows
Cast
South Park
Star Trek
The Simpsons
Doctor Who
Random Quiz
Search Sporcle
×
Quiz Lab
Quiz Lab
Television
By Year
Type in answers that appear in a list
Type in answers that appear in a list
Classic
Best Score? Go Orange.
Any Year: SNL Cast Members Stats
Can you name any year that these SNL cast members were active on the show?
By
aseligstein
7m
20 Questions
422 Plays
422 Plays
422 Plays
Comments
Comments
Give Quiz Kudos
Give Quiz Kudos
-
- Ratings
hide this ad
Forced Order
Answers have to be entered in order
Answers have to be entered in order
Wrong Answers
Some wrong answers will appear in red
Some wrong answers will appear in red
Replay
Link that replays current quiz
Next Quiz
Link to next quiz in quiz playlist
You Got
0%
They Got
Avg Score
76%
Avg Friend Score
Upgrade to see
Score Distribution
Jump to the score distribution portion of the page
Score
0/20
Timer
07:00
0
Plays Today
Cast Member
Years Active
% Correct
Seth Meyers
???
93.1%
Kenan Thompson
???
90.8%
Fred Armisen
???
88.9%
Tina Fey
???
87%
Darrell Hammond
???
86.7%
Jane Curtin
???
83.2%
Will Ferrell
???
81.3%
Will Forte
???
79.6%
Amy Poehler
???
79.4%
Maya Rudolph
???
79.4%
Cast Member
Years Active
% Correct
Mike Myers
???
78%
Tim Meadows
???
76.3%
Dan Aykroyd
???
75.4%
Kevin Nealon
???
74.2%
Jay Pharoah
???
73.5%
Eddie Murphy
???
70.1%
Bill Murray
???
62.1%
Jon Lovitz
???
58.3%
Dennis Miller
???
57.8%
Julia Louis-
Dreyfus
???
55%
Quiz Playlist
Details
Report
Send in Message
Add To Playlist
Classic:
Type in answers that appear in a list
Forced Order:
Answers have to be entered in order
Wrong Answers:
Some wrong answers will appear in red
Quiz Source
Last Updated: Feb 16, 2017
Quiz Scoreboard
CHALLENGE
Sign Up to Join the Scoreboard
Show All
Scores
Hide
Comments
May contain spoilers
Recently Published
An Introduction to Baseball
by treessimontrees
Sports
5m
Movies - When Are They Set?
by FPL_Elf
Movies
5m
Popular People in 1961
by mucciniale
History
6m
More to Explore
Quiz From the Vault
Featured Blog Post
Where Did the Easter Bunny Come From?
hide this ad
You Might Also Like...
Tags
By Year
Saturday Night Live
snl
SNL Alumni
SNL Cast
Today's Top Quizzes in Television
Browse Television
hide this ad
Today's Top Quizzes in By Year
Browse By Year
Top Contributed Quizzes in Television
1
One Piece Logic Puzzle
2
Survivor Logic Puzzle: Heroes vs. Villains
3
Survivor Seasons
4
Survivor Season by Logo
5
5-to-1: The Simpsons Families
6
Survivor Trivia
7
One Thing in Common: Television
8
Who Wants to Be a Millionaire?
9
Survivor Logic Puzzle: Winners at War
10
Ultimate Survivor Logic Puzzle
Explore More
Trending Topics
Crossword
NBA
Kpop
Disney
Anime
Harry Potter
Marvel
Soccer
WWE
Puzzle
The Office
NFL
Country
Song
Pokémon
hide this ad
More By:
aseligstein
Quiz
Plays
Rating
Category
Featured
Created
10-to-1: Romantic Comedies by Actress
119,075
4.31
Movies
Apr 12, 2015
10-to-1: Top Ten Hits of the 1980s
107,295
4.65
Music
Apr 23, 2015
10-to-1: Top Ten Hits of the 2000s
54,405
4.21
Music
Apr 15, 2015
10-to-1: Romantic Comedies by Actor
50,449
4.33
Movies
Apr 12, 2015
10-to-1: Top Ten Hits of the 1990s
39,263
3.98
Music
Apr 14, 2015
Go to Creator's Profile
Score Distribution
Quiz Creator Spotlight
aseligstein
Follow
Send a Message
Quizzes Created
-
Created Quiz Play Count
-
More By This Creator
Popular Quizzes Today
1
Find the Countries of Europe - No Outlines Minefield
2
Find the US States - No Outlines Minefield
3
The Countries of the World
4
Popular People in 1961
5
US States
6
1-10 Letter E Words III
7
Find the US States
8
One Thing in Common: World Cities II
More Television Quizzes
Eggs in TV Series
Editor's Pick
Trending Quizzes
Risky Map Clicking: Least Populous States A-Z
1-10 Letter F Words
1-10 Letter G Words
One Thing in Common: United Kingdom
Risky Map Clicking: Next State Alphabetically
Recently Updated
Leaping Animals
pecheneg
Reality TV Shows (A-Z)
bhenderson79
Rickey Henderson's Hall of Fame Teammates
pecheneg
Champions League XIs: Arsenal
pecheneg
Quick Pick: Celebrities in WWE's Hall of Fame
aduchscher
A-Z Keypad Blitz II
pecheneg
Multiple Oscar Actors
pecheneg
Mystery Phrase Blitz: Oscar 'Best Actors'
pecheneg
F. Scott Fitzgerald Novels
LTH
Pick 3 Villains
ddd62291
Trending Topics
Crossword
Anime
Disney
Marvel
Harry Potter
NBA
Kpop
Pokémon
Song
Soccer
Puzzle
NFL
Country
The Office
WWE
Your Account Isn't Verified!
In order to create a playlist on Sporcle, you need to verify the email address you used during registration. Go to your
Sporcle Settings
to finish the process.
Report this User
Report this user for behavior that violates our
Community Guidelines
.
Details:
Send Report
Go to the Sporcle.com Mobile Site →
Comments